[Event "Lvov Ukrainian Chess Warriors"]
[Site "Lvov"]
[Date "2024.03.15"]
[Round "4"]
[White "Shala, Maksym"]
[Black "Alexikov, Alexander"]
[Result "0-1"]
[WhiteElo "1807"]
[BlackElo "2183"]
[PlyCount "82"]
[EventDate "2024.03.15"]
[EventType "swiss (rapid)"]
[EventRounds "8"]
[EventCountry "UKR"]
[SourceTitle "CB12_2024"]
[SourceDate "2023.10.01"]
[SourceVersion "1"]
[SourceVersionDate "2023.10.01"]
[SourceQuality "1"]

1. e4 c5 2. Nf3 d6 3. d4 Nf6 4. Nc3 cxd4 5. Nxd4 a6 6. Bd3 Nc6 7. Be3 Ng4 8. Nxc6 bxc6 9. Bg5 Qb6 10. 0-0 Qxb2 11. Qd2 h6 12. Bh4 g5 13. Bg3 Bg7 14. Na4 Qa3 15. Nb6 Bxa1 16. Nxa8 Bc3 17. Qe2 h5 18. Nb6 Be6 19. Nc4 Qc5 20. h4 Bf6 21. e5 gxh4 22. Bf4 dxe5 23. Be3 Nxe3 24. Nxe3 h3 25. Nf5 hxg2 26. Rb1 e4 27. Rb8+ Kd7 28. Rb7+ Kd8 29. Rb8+ Kc7 30. Rxh8 exd3 31. Qxd3 Bxh8 32. Qg3+ Kb7 33. Ne3 Bd4 34. Qg8 Bxe3 35. fxe3 Qxe3+ 36. Kxg2 Qh3+ 37. Kf2 Qf5+ 38. Ke3 Qe5+ 39. Kf2 Qf4+ 40. Ke1 Qe3+ 41. Kf1 Bh3+ 0-1

[Event "Lvov Buturina Memorial 2nd"]
[Site "Lvov"]
[Date "2022.11.19"]
[Round "4"]
[White "Shala, Maksym"]
[Black "Karvatskyi, Oleksii"]
[Result "0-1"]
[WhiteElo "1679"]
[BlackElo "1995"]
[PlyCount "74"]
[EventDate "2022.11.18"]
[EventType "swiss (rapid)"]
[EventRounds "9"]
[EventCountry "UKR"]
[SourceTitle "CBM 212 Extra"]
[Source "ChessBase"]
[SourceDate "2023.03.31"]
[SourceVersion "1"]
[SourceVersionDate "2023.03.31"]
[SourceQuality "1"]

1. e4 c5 2. Nc3 d6 3. Nge2 g6 4. d4 cxd4 5. Nxd4 Bg7 6. Be3 Nf6 7. f3 a6 8. Qd2 b5 9. 0-0-0 Bb7 10. Kb1 Nbd7 11. g4 Rc8 12. h4 h5 13. g5 Nh7 14. f4 Nc5 15. Bh3 b4 16. Nce2 Rb8 17. Ng3 Nxe4 18. Nxe4 Bxe4 19. Rhe1 0-0 20. f5 Qa5 21. fxg6 Bxg6 22. Nc6 Qc7 23. Nxb8 Rxb8 24. Re2 b3 25. axb3 Rxb3 26. Bd4 Rxh3 27. Bxg7 Kxg7 28. Rde1 e6 29. Qd4+ Kg8 30. Rd1 d5 31. Qb4 Nf8 32. Ka1 a5 33. Qa4 Nd7 34. c3 Nc5 35. Qe8+ Kg7 36. Rf1 Rxh4 37. Ref2 Ra4+ 0-1

[Event "Chernivtsi op"]
[Site "Chernivtsi"]
[Date "2021.07.22"]
[Round "5"]
[White "Shala, Maksym"]
[Black "Muha, Sergey"]
[Result "0-1"]
[WhiteElo "1696"]
[BlackElo "2231"]
[PlyCount "58"]
[EventDate "2021.07.20"]
[EventType "swiss"]
[EventRounds "9"]
[EventCountry "UKR"]
[SourceTitle "CBM 203 Extra"]
[Source "ChessBase"]
[SourceDate "2021.09.30"]
[SourceVersion "1"]
[SourceVersionDate "2021.09.30"]
[SourceQuality "1"]

1. e4 e5 2. Nf3 Nc6 3. d4 exd4 4. Bc4 Bc5 5. Ng5 Nh6 6. Nxf7 Nxf7 7. Bxf7+ Kxf7 8. Qh5+ g6 9. Qxc5 Kg7 10. 0-0 b6 11. Qc4 a5 12. Rd1 Qf6 13. c3 Rf8 14. f3 Ba6 15. Qd5 Be2 16. Rxd4 Nxd4 17. Qxd7+ Kg8 18. Qxd4 Qf7 19. Bg5 h6 20. Bxh6 Rfd8 21. Qa4 b5 22. Qc2 Rd1+ 23. Kf2 Rf1+ 24. Kxe2 Qc4+ 25. Ke3 Qc5+ 26. Kf4 Kh7 27. Qe2 Kxh6 28. h4 Rf2 29. Qe3 Rf8+ 0-1